000 01469nam0a22003251 4500
001 v19\rc\1846296
005 20260406113645.0
035 _a(NLR Aleph) 005258357
090 _a5875634
_c5875634
100 _a20080221d1909 c y0rusy50 ca
101 0 _arus
102 _aRU
105 _aa z |||a|
200 1 _aКрасота природы
_fС.Т. Аксаков
210 _aМосква
_cтоварищество И.Д. Сытина
_d[1909]
215 _a32 с.
_cил.
_d17
225 1 _aБиблиотека новой школы
_eКнижка для чтения на третьем году обучения
_fпод редакцией Н.В. Тулупов и П.М. Шестаков
_v№ 25
606 1 _aПрирода
_xв литературе русской
_92221034
_3RU\NLR\AUTH\6601566817
686 1 _aШ5(2=Р)-34
700 1 _7ca
_8rus
_aАксаков
_bС. Т.
_f1791-1859
_gСергей Тимофеевич
_9110214
_3RU\NLR\AUTH\77127
702 1 _4340
_7ca
_8rus
_aТулупов
_bН. В.
_f1863-1939
_gНиколай Васильевич
_966832
_3RU\NLR\AUTH\7783904
702 1 _4340
_7ca
_8rus
_aШестаков
_bП. М.
_f1862-1914
_gПетр Михайлович
_966850
_3RU\NLR\AUTH\7783922
801 0 _aRU
_bNLR
_c20080221
_gpsbo
801 0 _aRU
_bRuMoRGB
_c20080221
_2psbo
801 1 _aRU
_bProSoft-M
_c20080221
_2rusmarc
801 2 _aRU
_bNLR
_c20120713
_2rusmarc
852 _aNLR
_j40.18.9.13
942 _cBOOK
980 _aNB